|
|
|
|
| LEADER |
00000nab a2200000 a 4500 |
| 001 |
vtls000780503 |
| 003 |
SK-MaSNL |
| 005 |
20260303213949.0 |
| 008 |
140527c2001 xo 0 slo |
| 015 |
|
|
|a SNBRB2002/01-02144
|
| 035 |
|
|
|a CLN000132252
|
| 040 |
|
|
|a SNKBUCL
|b slo
|c SNKBUCL
|e AACR2
|
| 041 |
0 |
|
|a slo
|
| 044 |
|
|
|a xo
|c SK
|
| 080 |
|
|
|a 76.071.1(048)
|2 1997
|
| 100 |
1 |
|
|a Nahálka, Peter,
|d 1951-
|4 aut
|9 71235
|
| 245 |
1 |
0 |
|a Reprezentatívny Ondreička
|c Peter Nahálka
|
| 600 |
1 |
7 |
|a Ondreička, Karol,
|d 1944-2003
|2 SNKMA
|9 101721
|
| 650 |
0 |
7 |
|a monografie
|2 SNKPH
|9 256509
|
| 655 |
|
7 |
|a recenzie
|2 snkbucl
|9 21907
|
| 655 |
|
7 |
|a články z novín a časopisov
|2 snkbucl
|9 267496
|
| 773 |
0 |
|
|t RAK
|g Roč. 6, č. 3 (2001), s. 65-66
|x 1335-1702
|
| 787 |
0 |
8 |
|i Rec.:
|a Srnenská, Dagmar
|t Karol Ondreička
|d Bratislava : Slovenský Tatran, 2000
|z 8022204846
|
| 850 |
|
|
|a Slovenská národná knižnica v Martine
|
| 852 |
|
|
|a SNK
|b KIS3GCP
|
| 958 |
|
|
|a SK
|
| 958 |
|
|
|a RC
|
| 992 |
|
|
|a RBX
|
| 999 |
|
|
|c 2214799
|d 2216729
|